| 000 | 01025nam a22002537a 4500 | ||
|---|---|---|---|
| 999 |
_c12228 _d12228 |
||
| 001 | 12228 | ||
| 003 | BD-JhCC | ||
| 005 | 20220623134024.0 | ||
| 008 | 210829b2019 bg |||| |a|| 000 0 ben d | ||
| 020 | _a9843114260 | ||
| 035 | _a(BD-JhCC)12228 | ||
| 040 |
_aBD-JhCC _dBD-JhCC |
||
| 041 | _aBengali | ||
| 082 |
_223 _a956.1015 _bSIR 2019 |
||
| 100 | _aসিরমা, প্রফেসর ড. ইহসান সুরাইয়্যা | ||
| 245 |
_aউসমানী খিলাফতের ইতিহাস / _cপ্রফেসর ড. ইহসান সুরাইয়্যা সিরমা, অনুঃ মুহাম্মদ বুরহান উদ্দিন। |
||
| 260 |
_aঢাকা: _bমেধা বিকাশ প্রকাশন; _c২০১৯. |
||
| 300 |
_a437 p. : _c22 cm. |
||
| 650 | _akhilafat e usmania | ||
| 650 |
_aOttoman Empire _zTurkey |
||
| 700 | _aউদ্দিন, মুহাম্মদ বুরহান | ||
| 942 |
_2ddc _cBK _02 |
||